Prices and business in 1947 /

Bibliographic Details
Main Author: Kuthe, Hans C.
Format: Book
Language:English
Published: New York : Business bourse, 1946.
Subjects:

MARC

Tag First Indicator Second Indicator Subfields
LEADER 00000cam a2200000 4500
001 in00000063847
005 20151008050658.0
008 780908s1946 nyu b 00110 engm
010 |a  47000243  
035 |a (OCoLC)04208802 
035 |9 AAG2567AM 
040 |a DLC  |c ABC  |d ABC  |d TXA  |d UtOrBLW 
049 |a TXAM  |c [181715] 
050 0 |a HG538  |b .K8 
082 0 |a 332.414 
092 |a 332.414  |b K97p 
100 1 |a Kuthe, Hans C. 
245 1 0 |a Prices and business in 1947 /  |c by H.C. Kuthe. 
264 1 |a New York :  |b Business bourse,  |c 1946. 
300 |a v pages, 2 leaves, 271 pages, 2 unnumbered pages ;  |c 22 cm. 
336 |a text  |b txt  |2 rdacontent 
337 |a unmediated  |b n  |2 rdamedia 
338 |a volume  |b nc  |2 rdacarrier 
504 |a Bibliographical foot-notes. 
650 0 |a Inflation (Finance)  |z United States. 
650 0 |a Prices  |z United States. 
999 |a MARS 
999 f f |s 2eb58dd2-a4fa-3f3e-8738-adb6615f6552  |i 7241c519-daef-3d74-b761-a18086fe9f1b  |t 0 
952 f f |p ric  |a Texas A&M University  |b Rellis Campus  |c Joint Library Facility  |d Remote Storage  |t 0  |e HG538 .K8  |h Library of Congress classification  |i unmediated -- volume  |m A14800733642 
998 f f |a HG538 .K8  |t 0  |l Remote Storage